| 000 | 00548nam a2200169Ia 4500 | ||
|---|---|---|---|
| 008 | 140925s9999 xx 000 0 und d | ||
| 100 | _aCarmont, Michael. | ||
| 245 |
_aBMC sports science, medicine and rehabilitation / _cMichael Carmont. _h[electronic resource] |
||
| 260 |
_bBioMed Central Ltd., _cc2014. |
||
| 516 | _aElectronic text | ||
| 650 | _aMedicine. | ||
| 650 | _aRehabilitation. | ||
| 650 | _aSports and Recreation. | ||
| 830 | _aBioMed Central Ltd | ||
| 856 | _uhttp://www.biomedcentral.com/bmcsportsscimedrehabil/ | ||
| 942 | _cEJ | ||
| 999 |
_c275852 _d275852 |
||